| 000 | 00859nam a22002417a 4500 | ||
|---|---|---|---|
| 999 |
_c20383 _d20383 |
||
| 003 | AR-CdUCM | ||
| 008 | 190312b ||||| |||| 00| 0 spa d | ||
| 040 |
_aMUNICIPALIDAD PROVINCIAL DEL CUSCO _cBIBLIOTECA MUNICIPAL DEL CUSCO |
||
| 082 |
_a985.009 / _bR68 |
||
| 100 |
_aRivero, Mariano De _942629 |
||
| 245 |
_aMariano de Rivero : _bArturo Alcalde Mongrut / |
||
| 260 |
_aLima : _bStudium, _c1966. |
||
| 300 |
_a112 páginas ; _c20 cm. |
||
| 440 |
_aBiblioteca hombres del Perú _942630 |
||
| 500 | _aLibro re-empastado. | ||
| 505 | _aContenido: Rivero hombre importante del siglo XX -- El aprendiz de sabio -- Estudios peruanistas... | ||
| 650 |
_aEnsayos históricos _915900 |
||
| 650 |
_aMariano de Rivero _916737 |
||
| 650 |
_aHombres del Perú _937777 |
||
| 700 |
_aAlcalde Mongrut, Arturo _910158 |
||
| 942 |
_2ddc _cLIBROS |
||
| 945 | _aAndy | ||